Statistiques concernant Préfectures Japonaises

Cliquez ici pour prendre le quiz!

Statistiques générales

  • Ce quiz a été pris 1,549 fois
  • Le résultat moyen est 12 sur 47

Statistiques - réponses

Prefecture % Correct
Tokyo
96%
Kyoto
79%
Osaka
77%
Hiroshima
69%
Nagasaki
65%
Hokkaido
61%
Fukushima
53%
Okinawa
43%
Fukuoka
31%
Nagano
27%
Nara
26%
Chiba
25%
Saitama
24%
Aomori
21%
Kanagawa
20%
Akita
20%
Niigata
20%
Kagoshima
19%
Gifu
19%
Tottori
18%
Aichi
18%
Miyagi
18%
Mie
17%
Ibaraki
17%
Fukui
17%
Shizuoka
17%
Kumamoto
17%
Saga
17%
Gunma
17%
Miyazaki
17%
Iwate
17%
Ōita
16%
Hyōgo
16%
Shiga
16%
Okayama
16%
Yamaguchi
15%
Yamagata
15%
Toyama
15%
Ehime
15%
Tochigi
15%
Kōchi
15%
Ishikawa
15%
Shimane
14%
Wakayama
14%
Kagawa
14%
Tokushima
13%
Yamanashi
12%

Distribution des résultats

Percentile by Number Answered

% des personnes avec chaque résultat

Votre développement - résultats

Vous n’avez pas pris ce quiz